书目信息 |
| 题名: |
环境容量产权理论与应用
|
|
| 作者: | 陈国兰 著 | |
| 分册: | ||
| 出版信息: | 北京 社会科学文献出版社 2020.8 |
|
| 页数: | 182页 | |
| 开本: | 24cm | |
| 丛书名: | 云南省哲学社会科学创新团队成果文库 | |
| 单 册: | ||
| 中图分类: | X26 | |
| 科图分类: | ||
| 主题词: | 环境容量--产权--研究--中国 | |
| 电子资源: | ||
| ISBN: | 978-7-5201-4972-3 | |
| 000 | 01126nam0 2200253 45 | |
| 001 | 012001001859 | |
| 005 | 20140912151050.0 | |
| 010 | @a978-7-5201-4972-3@dCNY128.00 | |
| 100 | @a20201104d2020 em y0chiy50 ea | |
| 101 | 0 | @achi |
| 102 | @aCN@b110000 | |
| 105 | @ay z 000yy | |
| 106 | @ar | |
| 200 | 1 | @a环境容量产权理论与应用@Ahuan jing rong liang chan quan li lun yu ying yong@b专著@f陈国兰著 |
| 210 | @a北京@c社会科学文献出版社@d2020.8 | |
| 215 | @a182页@d24cm | |
| 225 | 1 | @a云南省哲学社会科学创新团队成果文库 |
| 330 | @a本书从“环境容量”的视角来认识人类发展,探讨运用产权手段解决环境问题,提出将环境容量视为一种有限资源,通过阐释环境容量概念的本质特征和环境容量产权制度的一般理论,在剖析环境污染问题产生和恶化的制度根源基础上,分析我国环境容量产权制度中存在的现实问题,并提出了优化路径和现实启动点,以期为建立健全生态文明制度的“四梁八柱”、推进绿色发展提供参考。 | |
| 461 | 0 | @12001 @a云南省哲学社会科学创新团队成果文库 |
| 606 | 0 | @a环境容量@x产权@x研究@y中国 |
| 690 | @aX26@v5 | |
| 701 | 0 | @a陈国兰@Achen guo lan@c(女,@f1981.8-)@4著 |
| 801 | 0 | @aCN@bBJSDL@c20211011 |
| 905 | @b1337495-8@dX26@e293@f4 | |
| 环境容量产权理论与应用/陈国兰著.-北京:社会科学文献出版社,2020.8 |
| 182页;24cm.-(云南省哲学社会科学创新团队成果文库) |
| ISBN 978-7-5201-4972-3:CNY128.00 |
| 本书从“环境容量”的视角来认识人类发展,探讨运用产权手段解决环境问题,提出将环境容量视为一种有限资源,通过阐释环境容量概念的本质特征和环境容量产权制度的一般理论,在剖析环境污染问题产生和恶化的制度根源基础上,分析我国环境容量产权制度中存在的现实问题,并提出了优化路径和现实启动点,以期为建立健全生态文明制度的“四梁八柱”、推进绿色发展提供参考。 |
| ● |
| 相关链接 |
|
|
|
|
正题名:环境容量产权理论与应用
索取号:X26/293
 
预约/预借
| 序号 | 登录号 | 条形码 | 馆藏地/架位号 | 状态 | 备注 |
| 1 | 1337495 | 213374953 | 第二样本阅览室/ [索取号:X26/293] | 在馆 | |
| 2 | 1337496 | 213374962 | 第三借阅区/ [索取号:X26/293] | 在馆 | |
| 3 | 1337497 | 213374971 | 第三借阅区/ [索取号:X26/293] | 在馆 | |
| 4 | 1337498 | 213374980 | 第三借阅区/ [索取号:X26/293] | 在馆 |